| 000 | 00438nam a2200169Ia 4500 | ||
|---|---|---|---|
| 001 | 30186 | ||
| 003 | IN-NITTTR | ||
| 005 | 20251114233409.0 | ||
| 008 | 251113s9999||||xx |||||||||||||| ||eng|| | ||
| 040 | _beng | ||
| 040 | _cIN-NITTTR | ||
| 041 | _aeng | ||
| 082 | _a621.3192 S51C | ||
| 100 | _aSmith, Ralph J. | ||
| 245 | 0 |
_aCircuits, devices and systems : _b first course in electrical engineering / _cSmith, Ralph J. |
|
| 942 |
_2ddc _cBK |
||
| 999 |
_c32814 _d32814 |
||